History of contemporary music of South Africa. Part 01 (Record no. 236968)

MARC details
000 -LEADER
fixed length control field 00309nam a2200097Ia 4500
082 ## - DEWEY DECIMAL CLASSIFICATION NUMBER
Classification number 781.630968 CHI
008 - FIXED-LENGTH DATA ELEMENTS--GENERAL INFORMATION
fixed length control field 210817s9999 xx 000 0 und d
100 ## - MAIN ENTRY--PERSONAL NAME
Personal name Yudelman, Dale Auckland Park, South Africa, 2012
9 (RLIN) 72580
245 #0 - TITLE STATEMENT
Title History of contemporary music of South Africa. Part 01
942 ## - ADDED ENTRY ELEMENTS
item type Books
Holdings
Withdrawn status Lost status Damaged status Not for loan Home library Current library Date acquired Cost, normal purchase price Total Checkouts Barcode Date last seen Price effective from item type
        Jeremiah Madonsela Public Library Jeremiah Madonsela Public Library 18.08.2021 44.85   33228018315448 18.08.2021 18.08.2021 Books